=LDR 00000nam 2200000 4500 =001 INLIS000000000004674 =005 20250827092244 =035 ##$$a 0010-0825000103 =007 ta =008 250827###########################0#ind## =020 ##$$a - =082 ##$$a 304.66 =084 ##$$a 304.66 BAD e =245 1#$$a EVALUASI TENGAH TAHUN PELAKSANAAN PROGRAM KELUARGA BERENCANA NASIONAL TAHUN 2000 /$c Badan Kependudukan dan Keluarga Berencana Nasional (Penulis) =250 ##$$a - =260 ##$$a Jakarta :$b Badan Kependudukan dan Keluarga Berencana Nasional,$c 2000 =300 ##$$a 126 hlm : $b ilus ; $c 23 cm$e - =650 #4$$a Keluarga Berencana =110 #$$a Badan Kependudukan dan Keluarga Berencana Nasional =520 ##$$a - =856 ##$$a Perpustakaan BKKBN Pusat